000 00500nam a22001937a 4500
003 MPLRDC
005 20220104142915.0
008 210129b ||||| |||| 00| 0 eng d
020 _a962-17-0393-X
082 _a490.8 BYCJ v.1 c.2
100 _aHARVER B. MACKAY著; 程希译
245 _a商战必胜术
_c
250 _a第三版
260 _a
_b博益出版集团有限公司
_c1988
300 _b
490 _a博益财经商管系列
650 _a
942 _cBK
_o490.8 BYCJ v.1 c.2
999 _c34760
_d34750